[Event "Test anti-draw scoring"]
[Site "SchemingMind.com"]
[Date "2014.08.30"]
[Round "-"]
[White "ray winteringham"]
[Black "Stephen Woodhouse"]
[Result "0-1"]
[WhiteCountry "ENG"]
[BlackCountry "ENG"]
[WhiteElo "1516"]
[WhiteRD "51"]
[BlackElo "1835"]
[BlackRD "49"]
[GameID "363863"]

1. e4 e6 2. d4 d5 3. Bd3 dxe4 4. Bxe4 Nf6 5. Bf3 c5 6. Ne2 Nc6 7. Bxc6+ bxc6 8. O-O Ba6 9. dxc5 Qxd1 10. Rxd1 Bxe2
11. Re1 Bb5 12. Nc3 Bxc5 13. h3 Bb4 14. Bd2 O-O-O 15. Red1 Bxc3 16. Bxc3 Rxd1+ 17. Rxd1 Rd8 18. Re1 Ne8 19. Bb4 Rd5 20. a3 Nd6
21. Bc3 g6 22. Be5 Nc4
0-1

[Event "Test anti-draw scoring"]
[Site "SchemingMind.com"]
[Date "2014.09.01"]
[Round "-"]
[White "e7e5"]
[Black "Eric111"]
[Result "1-0"]
[WhiteCountry "POL"]
[BlackCountry "USA"]
[WhiteElo "1534"]
[WhiteRD "123"]
[BlackElo "1465"]
[BlackRD "47"]
[GameID "363929"]

1. e4 c6 2. d4 d5 3. exd5 cxd5 4. Nc3 Nf6 5. Be2 e6 6. Bg5 Be7 7. Nf3 Nc6 8. O-O O-O 9. Ne5 a6 10. Nf3 h6
11. Bh4 b5 12. Bg3 Bd6 13. Bxd6 Qxd6 14. Bd3 e5 15. dxe5 Nxe5 16. Nxe5 Qxe5 17. Re1 Qd6 18. Qf3 Ng4 19. h3 Qh2+ 20. Kf1 Qh1+
21. Ke2 Re8+ 22. Kd2 Rxe1 23. Rxe1 Qh2 24. Re8#
1-0

[Event "Test anti-draw scoring"]
[Site "SchemingMind.com"]
[Date "2014.09.01"]
[Round "-"]
[White "Eric111"]
[Black "ray winteringham"]
[Result "0-1"]
[WhiteCountry "USA"]
[BlackCountry "ENG"]
[WhiteElo "1465"]
[WhiteRD "47"]
[BlackElo "1518"]
[BlackRD "50"]
[GameID "363930"]

1. d4 d5 2. c4 dxc4 3. Qa4+ Bd7 4. Qxc4 Nf6 5. Qb3 b6 6. Bg5 e6 7. Nf3 Be7 8. e3 O-O 9. Ba6 Nxa6 10. O-O c6
11. Nc3 Nc7 12. Qc2 Ncd5 13. a3 Nxc3 14. bxc3 Nd5 15. h4 h6 16. Bxe7 Qxe7 17. c4 Nf6 18. a4 a5 19. Rab1 Rab8 20. Rb2 Rfc8
21. Qd3 c5 22. dxc5 Rxc5 23. Ra2 Rbc8 24. Rd1 Bc6 25. Rb1 Bxf3 26. gxf3 Rxc4 27. Rxb6 Nd5 28. Rb1 Qxh4
0-1

[Event "Test anti-draw scoring"]
[Site "SchemingMind.com"]
[Date "2014.09.01"]
[Round "-"]
[White "Stephen Woodhouse"]
[Black "Eric111"]
[Result "1-0"]
[WhiteCountry "ENG"]
[BlackCountry "USA"]
[WhiteElo "1838"]
[WhiteRD "49"]
[BlackElo "1465"]
[BlackRD "47"]
[GameID "363931"]

1. e4 c6 2. d4 d5 3. exd5 cxd5 4. c4 Nf6 5. Nc3 e6 6. Nf3 Bb4 7. Bd3 dxc4 8. Bxc4 O-O 9. O-O b6 10. Bg5 Bb7
11. Ne5 Bxc3 12. bxc3 h6 13. Bh4 Nc6 14. Ng4 Nb8 15. Bxf6 gxf6 16. Nxh6+ Kh8 17. Qh5 Kg7 18. Ng4 Rh8 19. Qb5 Bc6 20. Qb3 Bd5
21. Bxd5 Qxd5 22. Qxd5 exd5 23. Ne3 Rh5 24. g4 Rg5 25. f4 Rg6 26. f5 Rh6 27. Nxd5 Nc6 28. Kg2 Rhh8 29. Rfe1 Rhd8 30. Nf4 Kf8
31. Re4 a5 32. Rae1 Ra7 33. Nh5 Rd6 34. Re8#
1-0

[Event "Test anti-draw scoring"]
[Site "SchemingMind.com"]
[Date "2014.09.06"]
[Round "-"]
[White "emvarela"]
[Black "Eric111"]
[Result "1-0"]
[WhiteCountry "ARG"]
[BlackCountry "USA"]
[WhiteElo "1627"]
[WhiteRD "46"]
[BlackElo "1483"]
[BlackRD "46"]
[GameID "363932"]

1. e4 c6 2. d4 d5 3. Nc3 dxe4 4. Nxe4 Bf5 5. Ng3 Bg6 6. h4 h6 7. Nf3 Nd7 8. h5 Bh7 9. Bd3 Bxd3 10. Qxd3 e6
11. Bf4 Ngf6 12. O-O-O Be7 13. Ne5 Qc7 14. Ne2 Qa5 15. Nxd7 Nxd7 16. Qb3 b5 17. Rh3 b4 18. Bd2 O-O 19. Rg3 Kh8 20. c3 bxc3
21. Bxc3 Qb5 22. Qxb5 cxb5 23. d5 exd5 24. Bxg7+ Kh7 25. Bxf8 Rxf8 26. Rxd5 Bg5+ 27. f4 Nb6 28. Rxb5 Bd8 29. Nd4 Bf6 30. Nb3 Nc4
31. Nd2 Rc8 32. Nxc4 Rxc4+ 33. Kd2 a6 34. Rf5
1-0

[Event "Test anti-draw scoring"]
[Site "SchemingMind.com"]
[Date "2014.09.01"]
[Round "-"]
[White "Eric111"]
[Black "Phillip Beckett"]
[Result "0-1"]
[WhiteCountry "USA"]
[BlackCountry "ENG"]
[WhiteElo "1465"]
[WhiteRD "47"]
[BlackElo "1606"]
[BlackRD "49"]
[GameID "363933"]

1. c4 e5 2. Nc3 Nf6 3. d3 d5 4. cxd5 Nxd5 5. g3 Be6 6. Bg2 Qd7 7. h3 Nc6 8. Nf3 f6 9. a3 O-O-O 10. e4 Nxc3
11. bxc3 Qxd3 12. Qxd3 Rxd3 13. Bb2 Be7 14. O-O Rhd8 15. Rfe1 Na5 16. Re3 Nb3 17. Rb1 Nd2 18. Rbe1 Nxf3+ 19. Bxf3 Rd2 20. Rb1 Bc5
21. Ree1 Ba2 22. Rbd1 Rxb2 23. Rxd8+ Kxd8
0-1

[Event "Test anti-draw scoring"]
[Site "SchemingMind.com"]
[Date "2014.09.01"]
[Round "-"]
[White "Scooter"]
[Black "Eric111"]
[Result "1/2-1/2"]
[WhiteCountry "USA"]
[BlackCountry "USA"]
[WhiteElo "1706"]
[WhiteRD "48"]
[BlackElo "1465"]
[BlackRD "47"]
[GameID "363934"]

1. d4 e6 2. Nf3 c5 3. e3 Nf6 4. c3 b6 5. Be2 Bb7 6. O-O d6 7. Nbd2 cxd4 8. cxd4 Be7 9. b4 O-O 10. Bb2 d5
11. a3 Nc6 12. Rc1 a6 13. h3 b5 14. Ne5 Qd6 15. Nxc6 Bxc6 16. Nf3 Bb7 17. Bd3 h6 18. Ne5 Rac8 19. Qd2 Nd7 20. Rxc8 Rxc8
21. Rc1 Rxc1+ 22. Qxc1 Bf6 23. Nxd7 Qxd7 24. Qc2 Qc6 25. Kf1 Qxc2 26. Bxc2 Bc6=
1/2-1/2

[Event "Test anti-draw scoring"]
[Site "SchemingMind.com"]
[Date "2014.09.01"]
[Round "-"]
[White "Eric111"]
[Black "kenneth m day"]
[Result "0-1"]
[WhiteCountry "USA"]
[BlackCountry "USA"]
[WhiteElo "1465"]
[WhiteRD "47"]
[BlackElo "1708"]
[BlackRD "50"]
[GameID "363935"]

1. c4 g6 2. d4 Bg7 3. Nc3 d6 4. e4 Nf6 5. Be3 O-O 6. Bd3 Nbd7 7. h3 c5 8. d5 e6 9. Qd2 exd5 10. exd5 Ne5
11. O-O-O Nxd3+ 12. Qxd3 Bf5 13. Qd2 Re8 14. Nge2 a6 15. h4 b5 16. Bg5 h6 17. Bxf6 Qxf6 18. f3 bxc4 19. g4 Bd3 20. f4 Rab8
21. g5 Qd8 22. h5 Qa5 23. hxg6 Bxg6 24. gxh6 Bf6 25. Rdg1 Kh7 26. Ng3 Bd3 27. Nh5 Bd4 28. Rg2 Be3 29. Rg7+ Kh8 30. Qxe3 Rxe3
31. Nf6 Qb4 32. Rh2 Re1+ 33. Kd2 Qxb2+ 34. Kxe1 Qxc3+ 35. Kf2 Rb2+ 36. Kg3 Bf5+ 37. Kh4 Qxf6+ 38. Kg3 Rxh2 39. Kxh2 Qxh6+
0-1

[Event "Test anti-draw scoring"]
[Site "SchemingMind.com"]
[Date "2014.09.01"]
[Round "-"]
[White "SAMAEL"]
[Black "Eric111"]
[Result "1-0"]
[WhiteCountry "CAN"]
[BlackCountry "USA"]
[WhiteElo "1775"]
[WhiteRD "48"]
[BlackElo "1483"]
[BlackRD "46"]
[GameID "363936"]

1. d4 e6 2. Nf3 Nf6 3. e3 b6 4. c4 Bb7 5. Be2 c5 6. Nc3 Nc6 7. O-O cxd4 8. exd4 d5 9. h3 Be7 10. Be3 dxc4
11. Bxc4 O-O 12. Rc1 a6 13. a3 b5 14. Be2 h6 15. Nh2 Nh7 16. Bf3 Ng5 17. Be2 Bf6 18. Nf3 Ne7 19. Nxg5 Bxg5 20. Bxg5 hxg5
21. Qd2 f6 22. Rfe1 Ng6 23. Bf1 Re8 24. Rcd1 Nf4 25. g3 Nd5 26. Bg2 Rb8 27. Re2 Nxc3 28. bxc3 Bxg2 29. Kxg2 Qd5+ 30. f3 a5
31. Rde1 Kf7 32. Qa2 Qxa2 33. Rxa2 Rec8 34. Re3 Rb7= 35. Rb2 Rcb8 36. Rbe2 Re8 37. Rb2 Reb8 38. Kf2 b4 39. axb4 axb4 40. cxb4 Rxb4
41. Rxb4 Rxb4 42. Rd3 Ke7 43. Ke3 Kd6 44. f4 gxf4+ 45. gxf4 Kd5 46. h4 g6 47. Ra3 Rxd4 48. Ra5+ Kc4 49. Ra4+
1-0

[Event "Test anti-draw scoring"]
[Site "SchemingMind.com"]
[Date "2014.09.05"]
[Round "-"]
[White "tiggeronvrb"]
[Black "e7e5"]
[Result "1-0"]
[WhiteCountry "SCO"]
[BlackCountry "POL"]
[WhiteElo "1794"]
[WhiteRD "68"]
[BlackElo "1534"]
[BlackRD "123"]
[GameID "364084"]

1. e4 e5 2. Nf3 d6 3. Bc4 Bg4 4. O-O Nf6 5. Re1 Bxf3 6. Qxf3 Nc6 7. c3 Be7 8. d3 O-O 9. Bg5 Na5 10. Bb5 c6
11. Ba4 b5 12. Bc2 d5 13. Nd2 dxe4 14. Nxe4 Nxe4 15. Bxe7 Qxe7 16. Qxe4 f5 17. Qxe5 Qxe5 18. Rxe5 Nb7 19. Rae1 Nd6 20. Re6 Rad8
21. d4 a5 22. g3 g6 23. Re7 Nc4 24. Rc7 Rfe8 25. Rxe8+ Rxe8 26. Bb3 Re6 27. Bxc4 bxc4 28. Kf1 h6 29. Ra7 Re4 30. Rxa5 Kf7
31. Rc5 Re8 32. Rxc4 Rc8 33. d5 c5 34. b4 Kf6 35. Rxc5 Rd8 36. c4 Ke5 37. Rc6 Kd4 38. a4 g5 39. b5 f4 40. b6 Ra8
41. b7 Rb8 42. Rc7 Ke5 43. a5 Kd6 44. Rh7 h5 45. a6 fxg3 46. hxg3
1-0

[Event "Test anti-draw scoring"]
[Site "SchemingMind.com"]
[Date "2014.09.05"]
[Round "-"]
[White "Eric111"]
[Black "tiggeronvrb"]
[Result "0-1"]
[WhiteCountry "USA"]
[BlackCountry "SCO"]
[WhiteElo "1465"]
[WhiteRD "47"]
[BlackElo "1794"]
[BlackRD "68"]
[GameID "364085"]

1. d4 d5 2. c4 c6 3. e3 Nf6 4. Nc3 e6 5. cxd5 exd5 6. Nf3 Bg4 7. Be2 Bd6 8. O-O O-O 9. a3 Qc7 10. b4 Bxf3
11. Bxf3 Bxh2+ 12. Kh1 Bd6 13. Bg4 Nbd7 14. Bxd7 Qxd7 15. Qf3 Rae8 16. Bb2 Ng4 17. g3 Re6 18. Qxg4 Rh6+ 19. Kg2 Qxg4
0-1

[Event "Test anti-draw scoring"]
[Site "SchemingMind.com"]
[Date "2014.09.09"]
[Round "-"]
[White "emvarela"]
[Black "tiggeronvrb"]
[Result "0-1"]
[WhiteCountry "ARG"]
[BlackCountry "SCO"]
[WhiteElo "1627"]
[WhiteRD "46"]
[BlackElo "1749"]
[BlackRD "66"]
[GameID "364086"]

1. e4 c6 2. d4 d5 3. Nc3 dxe4 4. Nxe4 Bf5 5. Ng3 Bg6 6. h4 h6 7. Nf3 Nd7 8. h5 Bh7 9. Bd3 Bxd3 10. Qxd3 Qc7
11. Bd2 e6 12. O-O-O Bd6 13. Ne4 Ngf6 14. Nxd6+ Qxd6 15. g3 O-O-O 16. Bf4 Qe7 17. Ne5 Nd5 18. Nxd7 Nxf4 19. gxf4 Rxd7 20. c3 Rhd8
21. Qc2 Qf6 22. Qe4 Rd5 23. Kc2 Rf5 24. Qe3 Rxf4 25. Rd2 Rd5 26. Rh3 c5 27. dxc5 Rxd2+ 28. Kxd2 Rxf2+ 29. Kc1 Qf5 30. Qd3 Qg5+
0-1

[Event "Test anti-draw scoring"]
[Site "SchemingMind.com"]
[Date "2014.09.05"]
[Round "-"]
[White "ray winteringham"]
[Black "tiggeronvrb"]
[Result "0-1"]
[WhiteCountry "ENG"]
[BlackCountry "SCO"]
[WhiteElo "1518"]
[WhiteRD "50"]
[BlackElo "1794"]
[BlackRD "68"]
[GameID "364087"]

1. e4 c6 2. d4 d5 3. Nc3 dxe4 4. Nxe4 Bf5 5. Ng3 Bg6 6. Be2 Nf6 7. Nf3 Nbd7 8. O-O e6 9. c3 Bd6 10. Be3 O-O
11. h3 Nd5 12. a3 Nxe3 13. fxe3 Bxg3
0-1

[Event "Test anti-draw scoring"]
[Site "SchemingMind.com"]
[Date "2014.09.05"]
[Round "-"]
[White "tiggeronvrb"]
[Black "Stephen Woodhouse"]
[Result "1/2-1/2"]
[WhiteCountry "SCO"]
[BlackCountry "ENG"]
[WhiteElo "1794"]
[WhiteRD "68"]
[BlackElo "1838"]
[BlackRD "49"]
[GameID "364088"]

1. e4 e6 2. c4 d5 3. cxd5 exd5 4. exd5 Nf6 5. d4 Nxd5 6. Bc4 Be6 7. Nf3 Bb4+ 8. Bd2 Bxd2+ 9. Qxd2 O-O 10. O-O Nd7
11. Re1 Re8 12. Bd3 Qf6 13. Nc3 Nxc3 14. bxc3 Bd5 15. Ng5 h6 16. Ne4 Bxe4 17. Bxe4 c6 18. Re3 Re7 19. Rae1 Rae8 20. Qe2 Kf8
21. Qf3 Qxf3 22. Bxf3 Rxe3 23. Rxe3 Rxe3 24. fxe3 Ke7 25. Kf2 f5 26. Ke2 Ke6=
1/2-1/2

[Event "Test anti-draw scoring"]
[Site "SchemingMind.com"]
[Date "2014.09.05"]
[Round "-"]
[White "Phillip Beckett"]
[Black "tiggeronvrb"]
[Result "0-1"]
[WhiteCountry "ENG"]
[BlackCountry "SCO"]
[WhiteElo "1606"]
[WhiteRD "49"]
[BlackElo "1794"]
[BlackRD "68"]
[GameID "364089"]

1. e4 c6 2. d4 d5 3. Nc3 dxe4 4. Nxe4 Bf5 5. Ng3 Bg6 6. Nf3 Nd7 7. c3 Qc7 8. Bd3 Bxd3 9. Qxd3 e6 10. Be3 Ngf6
11. Ne4 Nxe4 12. Qxe4 Nf6 13. Qe5 Bd6 14. Qg5 O-O 15. h4 Nd5 16. h5 h6 17. Qg4 Nxe3 18. fxe3 e5 19. dxe5 Bxe5 20. Nxe5 Qxe5
21. O-O-O Qxe3+ 22. Kb1 Rfe8 23. Rhe1 Qxe1 24. Rxe1 Rxe1+ 25. Kc2 Rae8 26. Qd7 R8e2+ 27. Kb3 Rxg2 28. Qd8+ Kh7 29. Qd3+ g6 30. hxg6+ Rxg6
31. Qf5 Kg7 32. Qf2 Reg1 33. Qd4+ Kh7 34. Qd3 h5 35. Qf5 Rg5 36. Qxf7+ Rg7 37. Qf3 a5 38. Qe4+ Kh6 39. Qe6+ R7g6 40. Qe3 h4
41. Qf4 h3 42. Qf8+ Kh7 43. Qf7+ Rg7 44. Qf3 Rg3 45. Qf5+ Kh6 46. Qf6+ Kh5 47. Qf5+ Kh4 48. Qf4+ R3g4 49. Qf6+ Kg3 50. Qe5+ Kf3
51. Qf6+ Kg2 52. Qf5 h2 53. Qc2+ Kg3 54. Qd3+ Kh4 55. Qd8+ R7g5 56. Qh8+ Kg3 57. Qb8+ Kg2 58. Qe8 h1=Q
0-1

[Event "Test anti-draw scoring"]
[Site "SchemingMind.com"]
[Date "2014.09.04"]
[Round "-"]
[White "tiggeronvrb"]
[Black "Scooter"]
[Result "0-1"]
[WhiteCountry "SCO"]
[BlackCountry "USA"]
[WhiteElo "1794"]
[WhiteRD "68"]
[BlackElo "1706"]
[BlackRD "48"]
[GameID "364090"]

1. e4 c6 2. Nf3 d5 3. Nc3 Bg4 4. d4 dxe4 5. Nxe4 Nd7 6. h3 Bxf3 7. Qxf3 Ngf6 8. Bc4 e6 9. Bg5 Be7 10. O-O O-O
11. c3 Nxe4 12. Bxe7 Nd2 13. Bxd8 Nxf3+ 14. gxf3 Raxd8 15. Rae1 Nb6 16. Bb3 Nd5 17. Re4 b6 18. f4 Nf6 19. Re3 a5 20. Kh2 Nd5
21. Re4 b5 22. Rg1 a4 23. Bxd5 cxd5 24. Re3 Rc8 25. f5 exf5 26. Re5 Rcd8 27. Rxf5 Rfe8 28. Rgg5 h6 29. Rg3 Re2 30. b4 Rxa2
31. Re3 g6 32. Rff3 Rb2 33. Re1 a3 34. Ra1 a2 35. Kg3 Ra8 36. Re3 Rb1
0-1

[Event "Test anti-draw scoring"]
[Site "SchemingMind.com"]
[Date "2014.09.05"]
[Round "-"]
[White "kenneth m day"]
[Black "tiggeronvrb"]
[Result "0-1"]
[WhiteCountry "USA"]
[BlackCountry "SCO"]
[WhiteElo "1708"]
[WhiteRD "50"]
[BlackElo "1794"]
[BlackRD "68"]
[GameID "364091"]

1. e4 c6 2. c4 e6 3. Nc3 d5 4. cxd5 exd5 5. exd5 cxd5 6. d4 Nf6 7. Nf3 Bg4 8. Be2 Nc6 9. Ne5 Bxe2 10. Qxe2 Be7
11. O-O O-O 12. Re1 Nxd4 13. Qe3 Nc2 14. Qd3 Nxe1 15. Qe2 Bd6 16. Bf4 Nxg2 17. Kxg2 Re8 18. Re1 Nd7 19. Qh5 Bxe5 20. Bxe5 Rxe5
21. Rxe5 Nxe5 22. Qxe5 d4 23. Nd5 d3 24. Qd4 Qg5+ 25. Kf1 Rd8 26. Qe3 Qxd5
0-1

[Event "Test anti-draw scoring"]
[Site "SchemingMind.com"]
[Date "2014.09.08"]
[Round "-"]
[White "tiggeronvrb"]
[Black "SAMAEL"]
[Result "1-0"]
[WhiteCountry "SCO"]
[BlackCountry "CAN"]
[WhiteElo "1794"]
[WhiteRD "68"]
[BlackElo "1763"]
[BlackRD "52"]
[GameID "364092"]

1. e4 e5 2. Nf3 d6 3. Bc4 h6 4. O-O Nf6 5. Re1 Be7 6. d4 exd4 7. Nxd4 O-O 8. Bf4 Re8 9. Nc3 Bd7 10. Qf3 Nc6
11. Rad1 Bg4 12. Qe3 Bxd1 13. Rxd1 Nxd4 14. Rxd4 Bf8 15. h3 Nh5 16. Bh2 Qe7 17. Nd5 Qd7 18. Qf3 c6 19. Qxh5 cxd5 20. Bxd5 Rac8
21. c3 Rc7 22. Bb3 g6 23. Qxg6+ Kh8 24. Qh5 Qe7 25. Bxd6
1-0

[Event "Test anti-draw scoring"]
[Site "SchemingMind.com"]
[Date "2014.09.09"]
[Round "-"]
[White "e7e5"]
[Black "klapa"]
[Result "1-0"]
[WhiteCountry "POL"]
[BlackCountry "POL"]
[WhiteElo "1534"]
[WhiteRD "123"]
[BlackElo "1404"]
[BlackRD "61"]
[GameID "364370"]

1. e4 e5 2. Nf3 Bd6 3. d4 Nc6 4. d5 Nd4 5. Nxd4 exd4 6. Qxd4 Ne7 7. e5 Nf5 8. Qc3 Be7 9. g4 Nh4 10. Be3 O-O
11. Nd2 d6 12. Bd4 Bxg4 13. e6 Bf3 14. Nxf3 Nf5 15. O-O-O c6 16. Bh3 cxd5 17. Bxf5 Rc8 18. Qb3 b6 19. Rhg1 f6 20. h4 Rb8
21. Qd3 a5 22. Bxh7+ Kh8 23. Qg6 Rg8 24. Bxg8 Qxg8 25. Rg4 Rb7 26. Re1 Bf8 27. Bxb6 f5 28. Rg5 Re7 29. Rh5+ Qh7 30. Rxh7+ Kg8
31. Bd8 Rxe6 32. Rxe6 d4 33. Bf6 d5 34. Bxg7 d3 35. Be5+ Bg7 36. Qxg7#
1-0

[Event "Test anti-draw scoring"]
[Site "SchemingMind.com"]
[Date "2014.09.09"]
[Round "-"]
[White "klapa"]
[Black "Phillip Beckett"]
[Result "0-1"]
[WhiteCountry "POL"]
[BlackCountry "ENG"]
[WhiteElo "1465"]
[WhiteRD "59"]
[BlackElo "1588"]
[BlackRD "52"]
[GameID "364371"]

1. e4 e5 2. Nf3 Nc6 3. Bc4 Nf6 4. d3 Be7 5. O-O d6 6. Ng5 O-O 7. Nc3 h6 8. Nxf7 Rxf7 9. Bxf7+ Kxf7 10. Qf3 Bg4
11. Qg3 Qd7 12. a4 Nh5 13. Qe3 Bg5 14. f4 exf4 15. Qf2 Kg8 16. h3 Bxh3 17. gxh3 Qxh3 18. Qg2 Qxg2+ 19. Kxg2 Ng3 20. Nd5 Nxf1
21. Kxf1 Rf8 22. Nxc7 Nd4 23. Bd2 Nf3 24. Bb4 Rd8 25. Ne6 Rd7 26. d4 d5 27. e5 Kf7 28. Nc5 Rc7 29. e6+ Ke8 30. Nd3 Rxc2
31. Nc5 Nd2+ 32. Ke1 Nf3+ 33. Kd1 Rh2 34. Rc1 Rh1+ 35. Kc2 Nxd4+ 36. Kb1 Rxc1+ 37. Kxc1 Be7 38. Kd2 Bxc5 39. Bxc5 Nxe6 40. Bxa7 g5
41. b4 Kd7 42. b5 d4 43. Kd3 g4 44. Bxd4 Nxd4 45. Kxd4 f3 46. Ke3 Kc7 47. a5 h5 48. Kf2 h4 49. Kg1 g3 50. Kf1 h3
51. b6+ Kc6 52. a6 bxa6 53. b7 Kxb7 54. Kg1 a5 55. Kh1 a4 56. Kg1 a3 57. Kh1 a2 58. Kg1 a1=Q#
0-1

[Event "Test anti-draw scoring"]
[Site "SchemingMind.com"]
[Date "2014.09.10"]
[Round "-"]
[White "Scooter"]
[Black "klapa"]
[Result "1-0"]
[WhiteCountry "USA"]
[BlackCountry "POL"]
[WhiteElo "1706"]
[WhiteRD "48"]
[BlackElo "1404"]
[BlackRD "61"]
[GameID "364372"]

1. d4 d5 2. Nf3 Nf6 3. Bf4 Ne4 4. e3 e6 5. Nbd2 Bb4 6. c3 Be7 7. Bd3 f5 8. O-O Nc6 9. Ne5 Nxe5 10. Bxe5 Bd7
11. Qh5+ g6 12. Qh6 Bf8 13. Bg7 Rg8 14. Bxf8 Qf6 15. Nxe4 dxe4 16. Be2 O-O-O 17. Ba3 Rg7 18. Qf4 g5 19. Qe5 Qxe5 20. dxe5 g4
21. Rfd1 h5 22. g3 Rh8 23. b4 h4 24. Bb2 hxg3 25. fxg3 Rgh7 26. h4 gxh3 27. Kh2 Rg8 28. Rd2 Rhg7 29. Rg1 f4 30. exf4 e3
31. Rd3 Bc6 32. Rxe3 Bg2 33. Bf1 Bd5 34. c4 Bc6 35. b5 Bd7 36. Bxh3 a6 37. a4 a5 38. Kg2 c6 39. Rd3 cxb5 40. cxb5 Rh7
41. Rc1+ Kd8 42. Bxe6 Rgh8 43. Kf3 Ke7 44. Bxd7 Kf7 45. e6+ Ke7 46. f5 Rg8 47. f6+ Kf8 48. Ba3+ Re7 49. Bxe7#
1-0

[Event "Test anti-draw scoring"]
[Site "SchemingMind.com"]
[Date "2014.09.10"]
[Round "-"]
[White "klapa"]
[Black "kenneth m day"]
[Result "1-0"]
[WhiteCountry "POL"]
[BlackCountry "USA"]
[WhiteElo "1465"]
[WhiteRD "59"]
[BlackElo "1669"]
[BlackRD "52"]
[GameID "364373"]

1. b3 e5 2. Bb2 f6 3. e4 Bb4 4. Nf3 d5 5. Bb5+ Nc6 6. O-O dxe4 7. Nh4 Be6 8. Qh5+ Bf7 9. Qg4 Bf8 10. Qxe4 Bd5
11. Qe3 Be7 12. d3 Nh6 13. Qe2 O-O 14. c4 Bf7 15. a4 a6 16. Bxc6 bxc6 17. b4 Qd7 18. b5 cxb5 19. axb5 axb5 20. Rxa8 Rxa8
21. Nc3 b4 22. Nb5 c6 23. Qe4 Qe8 24. Nc7 Bg6 25. Qf3 Bh5 26. Qe3 Qb8 27. Nxa8 Qxa8 28. Ra1 Qb7 29. d4 Ng4 30. Qh3 Qb6
31. Nf5 g6 32. Nxe7+ Kf7 33. Nc8 Qb8 34. Nd6+ Qxd6 35. Ra7+ Ke8 36. c5 Qd5 37. Qh4 exd4 38. h3 Ne5 39. Qxf6 Qxc5 40. Qh8+
1-0

[Event "Test anti-draw scoring"]
[Site "SchemingMind.com"]
[Date "2014.09.14"]
[Round "-"]
[White "SAMAEL"]
[Black "klapa"]
[Result "0-1"]
[WhiteCountry "CAN"]
[BlackCountry "POL"]
[WhiteElo "1548"]
[WhiteRD "46"]
[BlackElo "1442"]
[BlackRD "63"]
[GameID "364374"]

1. e4 e5 2. Nf3 Nc6 3. d3 Nf6 4. Be2 Bd6 5. O-O O-O 6. Nc3 Ne7 7. Nb5 Ng6 8. Nxd6 cxd6 9. h3 a5 10. c4 b6
11. b3 Ba6 12. Ba3 Qc7 13. Nh2 Qc6 14. Ng4 Nxg4 15. Bxg4 Rac8 16. Kh1 b5 17. Rb1 b4 18. Bc1 Qa8 19. Bxd7 Rcd8 20. Bg4 Bb7
21. Be2 Bc6 22. Bd2 d5 23. exd5 Bd7 24. Bf3 e4 25. dxe4 Ne5 26. Be2 Rfe8 27. f3 Rc8 28. Bf4 Qa6 29. c5 Bb5 30. Bxb5 Qxb5
31. c6 Nd3 32. Bg3 Ne5 33. Bxe5 Rxe5 34. Qd2 a4 35. bxa4 Qxa4 36. Rxb4 Qa5 37. Qb2 Qa6 38. Re1 Rce8 39. Qxe5 Qc8 40. Qf4 h6
41. Rb7 Rf8 42. Reb1 f6 43. Rb8 g5 44. Qg3 h5 45. Rxc8 Rxc8 46. Rb8 Rxb8 47. Qxb8+ Kg7
0-1

[Event "Test anti-draw scoring"]
[Site "SchemingMind.com"]
[Date "2014.09.09"]
[Round "-"]
[White "klapa"]
[Black "Eric111"]
[Result "0-1"]
[WhiteCountry "POL"]
[BlackCountry "USA"]
[WhiteElo "1404"]
[WhiteRD "61"]
[BlackElo "1465"]
[BlackRD "47"]
[GameID "364375"]

1. d4 Nf6 2. Nc3 e6 3. e4 d6 4. Nf3 Nc6 5. e5 dxe5 6. dxe5 Qxd1+ 7. Nxd1 Nd5 8. Bd3 Bd7 9. O-O f6 10. exf6 Nxf6
11. Bf4 O-O-O 12. c3 Nd5 13. Bg5 Re8 14. b4 h6 15. Bg6 hxg5 16. Bxe8 Bxe8 17. Nxg5 Bd7 18. c4 Ndxb4 19. Nf7 Rg8 20. a3 Nc2
21. Ra2 Nxa3 22. h3 Nxc4 23. Re1 g5 24. Nc3 e5 25. Nb5 Kb8 26. Rc1 Be6 27. Nd8 Nxd8 28. Rxa7 Nc6 29. Rd1 Nxa7 30. Rd8+ Nc8
31. Re8 Bd7 32. Rxf8 Rxf8
0-1

[Event "Test anti-draw scoring"]
[Site "SchemingMind.com"]
[Date "2014.09.10"]
[Round "-"]
[White "tiggeronvrb"]
[Black "klapa"]
[Result "1-0"]
[WhiteCountry "SCO"]
[BlackCountry "POL"]
[WhiteElo "1749"]
[WhiteRD "66"]
[BlackElo "1465"]
[BlackRD "59"]
[GameID "364376"]

1. e4 e5 2. Nf3 Nc6 3. Bb5 Nd4 4. Nxd4 exd4 5. O-O Qg5 6. Qe2 Bd6 7. c3 Qh6 8. e5 d3 9. Bxd3 Bc5 10. Bc2 d6
11. d4 Qh4 12. exd6+ Be6 13. dxc5 O-O-O 14. dxc7 Rd7 15. Nd2 Bg4 16. Qc4 Rxc7 17. Bf5+ Kb8 18. Qxg4 Qxg4 19. Bxg4 Nf6 20. Bf3 Rxc5
21. Ne4 Nxe4 22. Bxe4 Re8 23. Bf3 Re6 24. Bf4+ Kc8 25. Bg4 f5 26. Bf3 h6 27. Rfe1 Rxe1+ 28. Rxe1 g5 29. Be3 Re5 30. Kf1 Ra5
31. a3 f4 32. Bd4 Rb5 33. b4 a5 34. a4 Rf5 35. Bg4 axb4 36. Bxf5+ Kc7 37. cxb4 b6 38. Bg7 Kc6 39. Bxh6 b5 40. axb5+ Kxb5
41. Bxg5 Kxb4 42. Bxf4 Kc3 43. g4 Kd4 44. g5 Kc5 45. g6
1-0

[Event "Test anti-draw scoring"]
[Site "SchemingMind.com"]
[Date "2014.09.14"]
[Round "-"]
[White "klapa"]
[Black "emvarela"]
[Result "0-1"]
[WhiteCountry "POL"]
[BlackCountry "ARG"]
[WhiteElo "1465"]
[WhiteRD "59"]
[BlackElo "1627"]
[BlackRD "46"]
[GameID "364377"]

1. e4 e5 2. Nf3 Nc6 3. Bd3 d6 4. O-O Nf6 5. c4 Be6 6. a4 Be7 7. a5 O-O 8. Ra4 b6 9. b4 bxa5 10. b5 Nb4
11. Qe2 c5 12. bxc6 Nxc6 13. Nc3 Qb6 14. Ng5 Bd7 15. Nd5 Qd4 16. Ra2 Nxd5 17. cxd5 Nb4 18. Qh5 Bxg5 19. Qxg5 Nxd3 20. Rxa5 Nxc1
21. Rxc1 Qxe4 22. Rc3 Qe1#
0-1

[Event "Test anti-draw scoring"]
[Site "SchemingMind.com"]
[Date "2014.09.09"]
[Round "-"]
[White "klapa"]
[Black "ray winteringham"]
[Result "1-0"]
[WhiteCountry "POL"]
[BlackCountry "ENG"]
[WhiteElo "1404"]
[WhiteRD "61"]
[BlackElo "1518"]
[BlackRD "50"]
[GameID "364378"]

1. Nf3 g5 2. Nxg5 e5 3. h4 d5 4. e3 Ne7 5. d4 e4 6. Qh5 Ng6 7. Nc3 Bg7 8. Bd2 Nd7 9. Nxd5 c6 10. Bc4 Nf6
11. Nxf6+ Qxf6 12. Nxf7 Be6 13. Nxh8 Bxh8 14. O-O-O Bxc4 15. Qxh7 O-O-O 16. Ba5 Rd7 17. Qh5 b6 18. Bb4 Bf7 19. Qe2 Nxh4 20. Qa6+ Kb8
21. g3 Ng6 22. Rh6 Bg7 23. Rhh1 Qxf2 24. Rh7 Qxe3+ 25. Bd2 Qxd4 26. Bf4+
1-0

[Event "Test anti-draw scoring"]
[Site "SchemingMind.com"]
[Date "2014.09.10"]
[Round "-"]
[White "Stephen Woodhouse"]
[Black "klapa"]
[Result "1-0"]
[WhiteCountry "ENG"]
[BlackCountry "POL"]
[WhiteElo "1838"]
[WhiteRD "49"]
[BlackElo "1404"]
[BlackRD "61"]
[GameID "364379"]

1. e4 e5 2. Nf3 Bd6 3. Bc4 Nf6 4. O-O Nxe4 5. Re1 f5 6. d3 Nc5 7. Nxe5 Qh4 8. Ng6+ Qe4 9. dxe4 hxg6 10. exf5+ Kd8
11. Bg5+ Be7 12. Rxe7 d6 13. Rxg7+ Ke8 14. Qe2+ Be6 15. Bxe6 Kf8 16. Bf6 Nc6 17. Rf7+ Ke8 18. Bd5+ Ne5 19. Bxe5 Nd7 20. Bxh8+ Ne5
21. Bxe5 dxe5 22. Qxe5+ Kd8 23. Qh8#
1-0

[Event "Test anti-draw scoring"]
[Site "SchemingMind.com"]
[Date "2014.09.14"]
[Round "-"]
[White "Phillip Beckett"]
[Black "palberto63"]
[Result "0-1"]
[WhiteCountry "ENG"]
[BlackCountry "CUB"]
[WhiteElo "1606"]
[WhiteRD "49"]
[BlackElo "1947"]
[BlackRD "103"]
[GameID "364530"]

1. d4 Nf6 2. e3 e6 3. Bd3 d5 4. f4 Bd6 5. Nf3 O-O 6. O-O c5 7. c3 Nc6 8. Ne5 Bd7 9. Nd2 Qc7 10. Ndf3 Be8
11. Nxc6 Bxc6 12. Ne5 Ne4 13. Bd2 Be8 14. Be1 Rc8 15. Qf3 f6 16. Ng4 Qb6 17. Nf2 f5 18. Qh3 cxd4 19. Bxe4 dxe4 20. cxd4 Qxb2
21. Ba5 Qa3 22. Bd2 Rc2 23. Rfd1 Rxa2 24. Rxa2 Qxa2 25. Be1 Ba4 26. Rc1 Qb2
0-1